Statistics for Michael Jackson "Xscape" Album Songs

Click here to take the quiz!

General Stats

  • This quiz has been taken 162 times
    (159 since last reset)
  • The average score is 7 of 8

Answer Stats

#Song% Correct
8Xscape
95%
1Love Never Felt So Good
89%
7Blue Gangsta
86%
2Chicago
86%
4A Place With No name
83%
6Do You Know Where Your Children Are?
81%
5Slave To The Rhythm
79%
3Loving You
78%

Score Distribution

Percentile by Number Answered

Percent of People with Each Score

Your Score History

You have not taken this quiz since the last reset